| 000 | 00792nam a2200193 a 4500 | ||
|---|---|---|---|
| 001 | 000033301 | ||
| 005 | 20240619113636.0 | ||
| 008 | 110712q2016 dr a r 000 0 spa d | ||
| 020 | _a9789945894615 | ||
| 040 |
_aDO-SdBNP _bspa _cBNPHU |
||
| 082 |
_axxxx _bS471s |
||
| 111 | 2 |
_aSeminario la competencia magisterial en la encrucijada _d(2016 : _cSanto Domingo ) _958904 |
|
| 245 | 1 | 0 |
_aSeminario: la competencia magisterial en la encrucijada / _ccompilador Eleanor Grimaldi Selié. |
| 260 |
_aSanto Domingo : _bAcademia de Ciencias de la República Dominicana, _c2016. |
||
| 300 |
_a325 p. : _bil. ; _c27 cm. |
||
| 500 | _aPublicaciones de la Academia de Ciencias de la República Dominicana | ||
| 590 | _aInventariado, 2020/BT | ||
| 700 | 1 |
_aGrimaldi Silié, Eleanor, _d1948- _ecompiladora _985713 |
|
| 999 |
_c32792 _d32792 |
||